Diccionario político dominicano : (Registro nro. 12568)

Detalles MARC
000 -LEADER
fixed length control field 01601nam a2200469 a 4500
001 - CONTROL NUMBER
control field 000015307
003 - CONTROL NUMBER IDENTIFIER
control field DO-SdBNP
005 - DATE AND TIME OF LATEST TRANSACTION
control field 20171004105111.0
008 - FIXED-LENGTH DATA ELEMENTS--GENERAL INFORMATION
fixed length control field 100205s2001 dr a 000 0 spa d
020 ## - INTERNATIONAL STANDARD BOOK NUMBER
International Standard Book Number 9993400076
040 ## - CATALOGING SOURCE
Original cataloging agency BPMSU
Language of cataloging spa
Transcribing agency BPMSU
049 ## - LOCAL HOLDINGS (OCLC)
Holding library
082 #4 - DEWEY DECIMAL CLASSIFICATION NUMBER
Classification number R320.729303
Item number G377d
092 ## - LOCALLY ASSIGNED DEWEY CALL NUMBER (OCLC)
Classification number
Item number
100 1# - MAIN ENTRY--PERSONAL NAME
Personal name Gerón, Cándido,
Dates associated with a name 1950 -
245 10 - TITLE STATEMENT
Title Diccionario político dominicano :
Remainder of title (1821-2000) /
Statement of responsibility, etc. Candido Gerón ; edición Diógenes Céspedes...[et al].
260 ## - PUBLICATION, DISTRIBUTION, ETC. (IMPRINT)
Place of publication, distribution, etc. Santo Domingo :
Name of publisher, distributor, etc. Editora de Colores,
Date of publication, distribution, etc. 2001.
300 ## - PHYSICAL DESCRIPTION
Extent 696 p. :
Other physical details il., retrs. ;
Dimensions 31 cm.
500 ## - GENERAL NOTE
General note Incluye datos biográficos del autor en la solapa de la cubierta
504 ## - BIBLIOGRAPHY, ETC. NOTE
Bibliography, etc Bibliogrfía: p. 657-658 e índice
650 #4 - SUBJECT ADDED ENTRY--TOPICAL TERM
Topical term or geographic name as entry element POLÍTICOS
Geographic subdivision REPÚBLICA DOMINICANA
General subdivision DICCIONARIOS
-- ESPAÑOL
650 #4 - SUBJECT ADDED ENTRY--TOPICAL TERM
Topical term or geographic name as entry element POLÍTICOS
Geographic subdivision REPÚBLICA DOMINICANA
General subdivision DICCIONARIOS
-- ESPAÑOL
651 #4 - SUBJECT ADDED ENTRY--GEOGRAPHIC NAME
Geographic name REPÚBLICA DOMINICANA
General subdivision POLÍTICA Y GOBIERNO
-- DICCIONARIOS
-- ESPAÑOL
700 ## - ADDED ENTRY--PERSONAL NAME
Personal name Céspedes, Diógenes,
Relator term edición
910 ## - USER-OPTION DATA (OCLC)
User-option data Validado. Control de calidad BNPHU
930 #1 - EQUIVALENCE OR CROSS-REFERENCE-UNIFORM TITLE HEADING [LOCAL, CANADA]
Language of a work
Medium of performance for music
Medium
Field link and sequence number
Date of a work
Name of part/section of a work
Miscellaneous information
Medium
930 #1 - EQUIVALENCE OR CROSS-REFERENCE-UNIFORM TITLE HEADING [LOCAL, CANADA]
Language of a work
Medium of performance for music
Medium
Field link and sequence number
Date of a work
Name of part/section of a work
Miscellaneous information
Medium
930 #1 - EQUIVALENCE OR CROSS-REFERENCE-UNIFORM TITLE HEADING [LOCAL, CANADA]
Language of a work
Medium of performance for music
Medium
Field link and sequence number
Date of a work
Name of part/section of a work
Miscellaneous information
Medium
930 #1 - EQUIVALENCE OR CROSS-REFERENCE-UNIFORM TITLE HEADING [LOCAL, CANADA]
Language of a work
Medium of performance for music
Medium
Field link and sequence number
Date of a work
Name of part/section of a work
Miscellaneous information
930 #1 - EQUIVALENCE OR CROSS-REFERENCE-UNIFORM TITLE HEADING [LOCAL, CANADA]
Language of a work
Medium of performance for music
Medium
Field link and sequence number
Date of a work
Name of part/section of a work
Miscellaneous information
Medium
942 ## - ADDED ENTRY ELEMENTS (KOHA)
Source of classification or shelving scheme Dewey Decimal Classification
Koha item type Libros
945 ## - LOCAL PROCESSING INFORMATION (OCLC)
a Inventario /2017 VM
956 ## - LOCAL ELECTRONIC LOCATION AND ACCESS (OCLC)
Host name
Access number
Compression information
Logon
Processor of request
956 ## - LOCAL ELECTRONIC LOCATION AND ACCESS (OCLC)
Host name
Access number
Compression information
Logon
Processor of request
956 ## - LOCAL ELECTRONIC LOCATION AND ACCESS (OCLC)
Host name
Access number
Compression information
Logon
Processor of request
956 ## - LOCAL ELECTRONIC LOCATION AND ACCESS (OCLC)
Host name
Access number
Compression information
Logon
Processor of request
956 ## - LOCAL ELECTRONIC LOCATION AND ACCESS (OCLC)
Host name
Access number
Compression information
Logon
Processor of request
956 ## - LOCAL ELECTRONIC LOCATION AND ACCESS (OCLC)
Host name
Access number
Compression information
Logon
Processor of request
956 ## - LOCAL ELECTRONIC LOCATION AND ACCESS (OCLC)
Host name
Access number
Compression information
Logon
Processor of request
956 ## - LOCAL ELECTRONIC LOCATION AND ACCESS (OCLC)
Host name
Access number
Compression information
Logon
Processor of request
956 ## - LOCAL ELECTRONIC LOCATION AND ACCESS (OCLC)
Host name VMATEO
Access number 20170519
Compression information BPMSU
Logon 0069
Processor of request
Existencias
Withdrawn status Lost status Source of classification or shelving scheme Damaged status Not for loan Collection code Home library Current library Date acquired Source of acquisition Total Checkouts Full call number Barcode Date last seen Price effective from Koha item type Copy number
    Dewey Decimal Classification     Colección Dominicana Biblioteca Pública Metropolitana Salomé Ureña Biblioteca Pública Metropolitana Salomé Ureña 05/19/2017 Compra   R320.729303 G377d BPMSU17050008 05/19/2017 05/19/2017 Libros  
    Dewey Decimal Classification     Colección Dominicana Biblioteca Pública Metropolitana Salomé Ureña Biblioteca Pública Metropolitana Salomé Ureña 05/19/2017 Compra   R320.729303 G377d BPMET17050009 05/19/2017 05/19/2017 Libros e. 2